| 000 | 01013cam a22003497a 4500 | ||
|---|---|---|---|
| 999 |
_c49254 _d49254 |
||
| 001 | 13626340 | ||
| 005 | 20200103085034.0 | ||
| 008 | 040617s2005 iaua e 001 0 eng d | ||
| 010 | _a 2004108998 | ||
| 015 |
_aGBA490943 _2bnb |
||
| 016 | 7 |
_a013069239 _2Uk |
|
| 020 | _a0696214121 (hc.) | ||
| 020 | _a0696221446 (pbk.) | ||
| 020 | _a9780696214127 | ||
| 035 | _a(OCoLC)ocm57354710 | ||
| 040 |
_aUKM _cUKM _dOMP _dJRZ _dAIC _dDLC |
||
| 042 | _alccopycat | ||
| 245 | 0 | 0 | _aNew garden book. |
| 250 | _aRev. ed. | ||
| 260 |
_aDes Moines, Iowa : _bMeredith Corp., _c©1961. |
||
| 300 |
_a516 pages : _billustrations (some color) ; _c26 cm. |
||
| 336 | _atext | ||
| 337 | _aunmediated | ||
| 338 | _avolume | ||
| 500 | _a"How to help on gardening, landscaping, lawn care"--Cover. | ||
| 500 | _aAt head of title: Better homes and gardens. | ||
| 650 | 0 | _aGardening. | |
| 651 | _aUnited States. | ||
| 700 | 1 | _aAker, Scott. | |
| 906 |
_a7 _bcbc _ccopycat _d2 _eepcn _f20 _gy-gencatlg |
||
| 942 |
_2lcc _cBK |
||